The Quranic Sufism / (Record no. 125380)

MARC details
000 -LEADER
fixed length control field 00647nam a22002417a 4500
005 - DATE AND TIME OF LATEST TRANSACTION
control field 20170124105953.0
010 ## - LIBRARY OF CONGRESS CONTROL NUMBER
LC control number 166418
020 ## - INTERNATIONAL STANDARD BOOK NUMBER
Terms of availability 10.00
035 #h - SYSTEM CONTROL NUMBER
System control number 166418
037 ## - SOURCE OF ACQUISITION
Source of stock number/acquisition Cen Lib/Ret
040 ## - CATALOGING SOURCE
Original cataloging agency DPL
Language of cataloging EN
082 ## - DEWEY DECIMAL CLASSIFICATION NUMBER
Classification number 270.3
Item number MIR
100 ## - MAIN ENTRY--PERSONAL NAME
Personal name Mir Valiuddin
9 (RLIN) 13932
245 ## - TITLE STATEMENT
Title The Quranic Sufism /
Statement of responsibility, etc by Mir Valiuddin
246 ## - VARYING FORM OF TITLE
Remainder of title
260 ## - PUBLICATION, DISTRIBUTION, ETC. (IMPRINT)
Place of publication, distribution, etc Delhi
Name of publisher, distributor, etc Motilal Banarsidass
Date of publication, distribution, etc 1959
270 ## - ADDRESS
Address Bunglow Road, Jawaha Nagar
City Delhi
Postal code 110006
300 ## - PHYSICAL DESCRIPTION
Extent ii,221p.
Dimensions 21cm(Hb)
500 ## - GENERAL NOTE
General note Includes index<br/>
650 ## - SUBJECT ADDED ENTRY--TOPICAL TERM
Topical term or geographic name as entry element Sufism
9 (RLIN) 10031
650 ## - SUBJECT ADDED ENTRY--TOPICAL TERM
Topical term or geographic name as entry element Qurʼan -- Theology
9 (RLIN) 12485
942 ## - ADDED ENTRY ELEMENTS (KOHA)
Source of classification or shelving scheme Dewey Decimal Classification
Koha item type English Books
Classification part 270.3
Call number suffix MIR
Holdings
Withdrawn status Lost status Damaged status Not for loan Home library Current library Date acquired Source of acquisition Cost, normal purchase price Total Checkouts Full call number Barcode Date last seen Copy number Cost, replacement price Price effective from Koha item type
        Central Library Central Library 20/06/2015 Cen Lib/Ret 10.00   270.3 MIR 166418 20/06/2015 1 10.00 20/06/2015 English Books

© Delhi Public Library
Hit Counter
free hit counter